000 01235nam a22002777a 4500
003 dpl
005 20180915130650.0
008 180915b xxu||||| |||| 00| 0 eng d
010 _aA-800811
020 _c100.00
035 _aA-800811, A-800835
037 _bCen Lib/Ret
040 _aDPL
_bHN
_c0
082 _a
_bमुशर्र
100 _aमुशर्रफ आलम जौकी
_944266
245 _aफरिस्ते भी मरते है :
_c मुशर्रफ आलम जौकी
_bसुलगती बस्तियों की आप बीती /
246 _aFariste bhi marte hain : sulagti bastiyon ki aap biti
_b by Musharraf Alam Jouki
260 _aदिल्ली
_bसंस्कृति साहित्य
_c1996
270 _a30 /22, ए -गली न. -9, विश्वास नगर शाहदरा
_bदिल्ली
_e110032
300 _a128पृष्ठ.
_c20सेमी(सजिल्द)
650 _aहिंदी साहित्य
_969378
650 _a हिंदी कहानी
_969379
650 _aHindi literature
_969380
650 _a Hindi story
_943117
942 _2ddc
_cHN
_h
_mमुशर्र
999 _c116982
_d116982